00574nam a2200193Ii 450000100060000000300090000600800410001502000150005604000330007104100080010408200180011210000250013024500710015526400610022630000120028733600260029933700280032533800270035311470CO-ViMGA241108s9999||||xx |||||||||||||| ||und|| a9589235735 aCO-ViMGAbspaerdacCO-ViMGA0 aunk04aPe863.44-C17a1 aJairo Cáqueza Diaz10aAnálisis literario de La ciudad y los perros. Mario Vargas Llosa 1a[Lugar de publicación no identificado] : Esquilo, 1999 avolumen atextbtxt2rdacontent aunmediatedbn2rdamedia avolumebnc2rdacarrier